Európske kresťanské rádiá-

Bibliographic Details
Main Author: Katreniak, Pavol (Author)
Format: Article
Language:Slovak
ISSN:0139-8512
Subjects:

MARC

LEADER 00000nab a2200000 a 4500
001 vtls000777856
003 SK-MaSNL
005 20260302152842.0
008 180206c2001 xo 0 slo
015 |a SNBRB2001/12-34951 
035 |a CLN000129637 
040 |a SNKBUCL  |b slo  |c SNKBUCL  |e AACR2 
041 0 |a slo 
044 |a xo  |c SK 
080 |a 659.444:26/28:061.3  |2 UDC-MRF-SK2 
100 1 |a Katreniak, Pavol  |4 aut  |9 438805 
245 1 0 |a Európske kresťanské rádiá-  |c Pavol Katreniak 
610 7 |a Európske kresťanské rádiá  |x konferencie  |y 18.-21.10.2001  |2 snkbucl  |9 846915 
655 7 |a články z novín a časopisov  |2 snkbucl  |9 267496 
773 0 |x 0139-8512  |t Katolícke noviny  |g Roč. 116, č. 44 (2001), s. 19 
850 |a Slovenská národná knižnica v Martine 
852 |a SNK  |b KIS3GCP 
958 |a RBX 
999 |c 1363683  |d 1365613